000 00818nam a2200253 c 4500
999 _c343494
_d343494
003 BLK
005 20210811030708.0
008 180911b bul|||||r ||||||| ||bul||
010 _a003155
040 _aBLK
041 _aDEU
_cBUL
080 _z940.5
245 1 0 _aEUROPA
_bHandbuch der politischen, wirtschaftlichen und kulturellen Entwicklung des neuen Europa
260 _aLeipzig
_bHelrngsche Verlagsanstalt
_c1943
300 _a320 с
_bс ил.
_c30 см
380 _a9
490 _aЧастна колекция - Академик Михаил Арнаудов
_gДарение - Основен фонд
655 _aистория
_9396557
700 1 _aHrsg. vom Deut. Inst. fur Aussenpolitische Forschung
_9399330
852 _aМА 2958
942 _cKNG
_n0
_s1
944 _aCR
_c1994
999 _d343494